Distrubutionen und Operatoren Ihre Anwendung in Narturwissenschaft und Technik

Uložené v:
Podrobná bibliografia
Hlavný autor: Preuss, Wolfgang
Ďalší autori: Bleyer, András, Preuss, Heinrich
Médium: Kniha
Jazyk:German
Vydavateľské údaje: Leipzig Fachbuchverlag 1985
Tagy: Pridať tag
Žiadne tagy, Buďte prvý, kto otaguje tento záznam!

MARC

LEADER 00000nam a2200000 4500
001 c108798
005 20041019155142.4
041 0 |a ger 
044 |a DE 
245 1 0 |a Distrubutionen und Operatoren  |b Ihre Anwendung in Narturwissenschaft und Technik  |c Wolfgang Preuss, András Bleyer, Heinrich Preuss 
264 1 |a Leipzig  |b Fachbuchverlag  |c 1985 
300 |a 279 s. 
100 1 |a Preuss, Wolfgang 
700 1 |a Bleyer, András 
700 1 |a Preuss, Heinrich